000 00579nam a2200205Ia 4500
005 20250923145947.0
008 008 250917s9999 xx 000 0 eng d
037 _aTextual
040 _aDSWL
_beng
_cDSWL
041 _aeng
_2eng
084 _aY5927xM91, N97
_qDSWL
100 _aJatava, D.R.
_9840743
245 0 _aSocial philosophy of B.R. Ambedkar
_c by D.R. Jatava
260 _aJaipur
_b Rawat Publishing
_c1987
300 _aix,262 p.
365 _aINR
_b450.00
925 _g450.00
942 _cTEXL
_hY5927xM91, N97
999 _c1457839
_d1457839